|
|
|
|
| LEADER |
00000nam0a2200000 4500 |
| 001 |
306774 |
| 005 |
20231102001928.0 |
| 020 |
|
|
|a RU
|b 83-72389
|
| 035 |
|
|
|a (RuTPU)RU\TPU\book\332051
|
| 090 |
|
|
|a 306774
|
| 100 |
|
|
|a 20151010d1983 km y0rusy5003 ca
|
| 101 |
0 |
|
|a rus
|
| 102 |
|
|
|a RU
|
| 105 |
|
|
|a a j 001zy
|
| 200 |
1 |
|
|a Практикум по геодезии
|e учебное пособие для геодезических специальностей вузов
|f В. В. Баканова [и др.]
|g под ред. В. В. Бакановой
|
| 205 |
|
|
|a 2-е изд., перераб. и доп.
|
| 210 |
|
|
|a Москва
|c Недра
|d 1983
|
| 215 |
|
|
|a 456 с.
|c ил.
|
| 300 |
|
|
|a Авт. указаны на обороте тит. л.
|
| 320 |
|
|
|a Библиогр.: с. 451
|
| 320 |
|
|
|a Предметный указатель: с. 452-454
|
| 606 |
1 |
|
|a Геодезия
|2 stltpush
|3 (RuTPU)RU\TPU\subj\6015
|9 33982
|
| 610 |
1 |
|
|a практические работы
|
| 610 |
1 |
|
|a практикумы
|
| 610 |
1 |
|
|a учебные пособия
|
| 610 |
1 |
|
|a топографические карты
|
| 610 |
1 |
|
|a площади
|
| 610 |
1 |
|
|a определение
|
| 610 |
1 |
|
|a горизонтальные углы
|
| 610 |
1 |
|
|a измерение
|
| 610 |
1 |
|
|a длины
|
| 610 |
1 |
|
|a теория ошибок
|
| 610 |
1 |
|
|a теодолитная съемка
|
| 610 |
1 |
|
|a тахеометрическая съемка
|
| 610 |
1 |
|
|a нивелирование
|
| 610 |
1 |
|
|a нивелирование IV класса
|
| 610 |
1 |
|
|a мензульная съемка
|
| 675 |
|
|
|a 528(076.5)
|z rus
|v 3
|
| 701 |
|
1 |
|a Баканова
|b В. В.
|g Валентина Васильевна
|
| 701 |
|
1 |
|a Карклин
|b Я. Я.
|g Ян Янович
|
| 701 |
|
1 |
|a Павлова
|b Г. К.
|g Галина Кузьминична
|
| 701 |
|
1 |
|a Черемисин
|b М. С.
|g Михаил Сергеевич
|
| 702 |
|
1 |
|a Баканова
|b В. В.
|g Валентина Васильевна
|4 340
|
| 801 |
|
0 |
|a RU
|b RuMRKP
|c 19950704
|g psbo
|
| 801 |
|
1 |
|a RU
|b 63413507
|c 20151010
|
| 801 |
|
2 |
|a RU
|b 63413507
|c 20180716
|g RCR
|
| 942 |
|
|
|c BK
|